00714nam a2200181Ia 4500003000200000005001700002008004100019050003100060100001600091245011100107260009000218300003900308504004100347650002800388650004900416650003800465650002900503020250130091113.0150126s9999 xx 000 0 und d aPHS BF 723.A5b.Si615 2014 aSin, Bo Ra. aRelationship of anxiety-related factors and academic performance of grade11 students of SISC /cBo Ra Sin. aLas Piñas City, Philippines :bSouthville International School and Colleges,c2014. a57 pages :billustration ;c28 cm. aIncludes bibliographical references. aAnxiety in adolescence. aAcademic achievementvPsychological aspects. aHigh school studentsvPsychology. aStudentsvMental health.